Saneamiento de la pequeña propiedad raíz: decreto ley 2.695. Norma atentatoria al derecho de propiedad. Análisis doctrinario y jurisprudencial
Salvato in:
| Autore principale: | |
|---|---|
| Natura: | Libro |
| Lingua: | spagnolo |
| Pubblicazione: |
Santiago
Jurídica
2005
Santiago La Ley 2005 |
| Edizione: | 1a. ed |
| Soggetti: | |
| Tags: |
Aggiungi Tag
Nessun Tag, puoi essere il primo ad aggiungerne!!
|
MARC
| LEADER | 00000nam a2200000 a 4500 | ||
|---|---|---|---|
| 001 | UCK5866 | ||
| 003 | CL-VaPUC | ||
| 008 | 050826e20050000cl |||||||||||||||||spa|d | ||
| 020 | |a 9567844844 | ||
| 082 | 0 | 4 | |a 346.83043 |b CHA |2 21 |
| 100 | 0 | |a Chávez Moyano, Rodrigo Andrés |e author |9 494879 | |
| 245 | 1 | 0 | |a Saneamiento de la pequeña propiedad raíz: decreto ley 2.695. Norma atentatoria al derecho de propiedad. Análisis doctrinario y jurisprudencial |
| 250 | |a 1a. ed | ||
| 300 | |a 147 p | ||
| 942 | |c BK | ||
| 945 | |d 20050826 00:00:00 |a jcarroza | ||
| 260 | |a Santiago |b Jurídica |c 2005 | ||
| 260 | |a Santiago |b La Ley |c 2005 | ||
| 650 | 0 | |a Derecho de propiedad |9 256450 | |
| 650 | 0 | |a Bienes raíces |9 307158 | |
| 650 | 7 | |a SANEAMIENTO |2 CL-VaPUC |9 262909 | |
| 651 | 7 | |a CHILE |2 CL-VaPUC |9 494880 | |
| 583 | |a last modification |c 20171116 04:34:21 |k Rodrigo Vera | ||
| 999 | |c 314318 |d 314316 | ||
| 952 | |0 0 |1 0 |4 0 |6 346_830430000000000_CHA_2005_2005 |7 0 |8 A |9 386408 |a BIBDER |b BIBDER |d 2019-11-22 |i 4158180 |o 346.83043 CHA 2005 2005 |p 4158180 |r 2023-01-25 |w 2019-11-22 |y BK |k DER | ||